000 00512nam a22001937a 4500
001 BD-DhSAU 7651
003 BD-DhSAU
005 20150527150620.0
008 150527b1964 -usa||||r|||| 000 0 eng d
040 _aBD-DhSAU
082 _222
_a575.1
_bGAG
100 _aGardner, Eldon J.
245 _aGenetics :
_blaboratory exercises /
_cby Eldon J. Gardner.
260 _aAmerica :
_bBurgess Publ. Co.,
_cc1964.
300 _a77 p. :
_bill. ;
_c29 cm.
590 _ajoy
650 _aGentetics.
942 _2ddc
_cBOOK
999 _c7651
_d7651